[Event "89th GER-ch"]
[Site "Dresden"]
[Date "2018.08.09"]
[Round "7.4"]
[White "Kvetny, Mark"]
[Black "Svane, Frederik"]
[Result "1/2-1/2"]
[WhiteElo "2421"]
[BlackElo "2292"]
[Annotator "TA"]
[PlyCount "132"]
[EventDate "2018.08.03"]
[EventType "swiss"]
[EventCountry "GER"]
[SourceTitle "playchess.com"]
[Source "ChessBase"]
[SourceQuality "1"]

{[%evp 19,132,65,70,62,65,58,68,63,48,49,58,51,58,62,55,0,0,-11,31,42,53,48,18,18,25,14,10,0,49,56,56,56,57,0,0,0,18,18,28,30,32,17,16,19,33,25,20,21,48,47,63,44,131,124,156,184,234,184,293,352,418,332,446,429,842,853,889,831,967,927,866,765,1584,1497,1700,1408,2527,2164,5210,588,2290,0,0,0,43,45,45,53,74,0,0,0,0,0,0,0,0,0,0,0,0,0,0,0,0,0,0,0,0,0,0,0,0,0,8]} 1. Nf3 c5 2. c4 Nf6 3. d4 cxd4 4. Nxd4 b6 5. Nc3 Bb7 6. f3 d6 7. e4 e6 8. Be3 Be7 9. Qd2 {A31: Symmetrical English: 2 Nf3 Nf6 3 d4} (9. Be2 O-O 10. Qd2 a6 11. O-O-O Nbd7 12. g4 Rc8 13. g5 Ne8 14. Kb1 Ne5 15. b3 Nc6 16. Nc2 b5 17. cxb5 axb5 18. Nxb5 {1-0 (37) Mareco,S (2643)-Cordova,E (2621) Montevideo 2018}) 9... a6 10. Be2 Qc7 {LiveBook: 10 Games} 11. O-O-O {White is slightly better.} O-O 12. Kb1 Nc6 13. g4 {[%cal Bg2g4,Bg4g5,Bg5g6][%mdl 32]} Nxd4 14. Bxd4 Bc6 $146 ({Predecessor:} 14... Nd7 15. Rc1 Rfb8 16. h4 Qd8 {½-½ (43) Bischoff,K (2530)-Vehi Bach,V (2400) Biel 1990}) 15. g5 Nd7 16. h4 b5 17. Rdg1 ({White should try} 17. Rc1 $14) 17... Ne5 $11 18. h5 Nxc4 19. Bxc4 bxc4 20. g6 $36 {[%mdl 2048] Intending gxh7+ and mate. White is more active.} e5 $1 {[%cal Re5d4]} 21. Be3 Bf6 $1 22. Bh6 Qe7 ({Don't go for} 22... gxh6 $2 23. Qxh6 fxg6 24. hxg6 $18) 23. Rh3 fxg6 ({Avoid the trap} 23... gxh6 $2 24. Qxh6 fxg6 25. hxg6 $18) 24. hxg6 hxg6 (24... gxh6 25. Qxh6 Rfc8 26. gxh7+ Kf7 27. Qg6+ Ke6 28. Qf5+ Kf7 29. Nd5 $18) 25. Rxg6 {aiming for Bxg7!} Kf7 {[#]} 26. Rhg3 ({Better is} 26. Bxg7 $1 $14 {[%mdl 512]} Bxg7 27. Nd5 Bxd5 28. Rhg3 Bxe4+ 29. fxe4) 26... gxh6 27. Nd5 Bxd5 28. Qxd5+ Qe6 {...Qxd5 is the strong threat.} 29. Qb7+ Qe7 {[#]} 30. Rg7+ $1 {[%mdl 512]} Bxg7 {[#]} 31. Rxg7+ $1 {[%mdl 512]} Kxg7 32. Qxe7+ {[%mdl 4096] Endgame KQ-KRR} Rf7 33. Qxd6 Re8 34. Qxa6 Rxf3 35. Qxc4 Rf7 (35... h5 $1 $14) 36. Qe2 $16 Ref8 {And now ...Rf1+ would win.} 37. a4 {[%cal Ba2a4,Ba4a5][%mdl 32]} Kh7 38. a5 Ra8 (38... Rb8 $142 39. Qc4 Rbb7) 39. Qb5 $18 Re7 40. b4 {[%cal Bb2b4,Bb4b5,Bb5b6][%mdl 32]} h5 41. Qe2 Rb8 (41... Kg7 $142 42. Qxh5 Rb8 43. Qg4+ Kf8 44. Qf3+ Ke8) 42. b5 Kg6 43. Qg2+ Kf6 44. Qf3+ Ke6 45. b6 Ree8 46. Qxh5 Kd6 47. Qd1+ Kc5 48. Qb3 Ra8 49. Qd5+ Kb4 {and the idea ...Rad8 leaves Black hopeful.} 50. Kc2 $2 (50. b7 $18 Rxa5 51. Qd6+ Rc5 52. b8=Q+ Rxb8 53. Qxb8+ Ka5 54. Ka2) 50... Rac8+ $11 51. Kb2 Rg8 52. Qd2+ Kb5 $1 53. b7 Rb8 $1 54. Kc3 (54. Qd5+ $16 Ka6 55. Ka3) 54... Kxa5 {The position is equal.} 55. Kc4+ Kb6 56. Qb4+ Kc7 57. Qe7+ Kc6 58. Qxe5 {Black must now prevent Qb5+.} Kxb7 59. Qb5+ Kc7 60. Qc5+ Kd7 61. Kd5 Rg6 62. e5 Rbb6 63. Qa5 Kd8 64. Qa8+ Kd7 65. Qa7+ Kd8 66. Qa8+ Kd7 {Precision: White = 66%, Black = 54%.} 1/2-1/2

[Event "89th GER-ch"]
[Site "Dresden"]
[Date "2018.08.10"]
[Round "8"]
[White "Syrov, Arkadi"]
[Black "Fischer, Sebastian"]
[Result "0-1"]
[WhiteElo "2295"]
[BlackElo "2292"]
[Annotator "TA"]
[PlyCount "104"]
[EventDate "2018.08.03"]
[EventType "swiss"]
[EventCountry "GER"]
[SourceTitle "playchess.com"]
[Source "ChessBase"]
[SourceQuality "1"]

{[%evp 20,104,50,-28,-2,-167,-116,-407,-415,-466,-436,-420,-434,-444,-395,-430,-397,-516,-515,-511,-527,-516,-519,-525,-518,-498,-459,-477,-468,-461,-448,-468,-449,-524,-550,-543,-474,-485,-484,-484,-483,-824,-887,-883,-814,-786,-481,-561,-562,-540,-547,-622,-608,-480,-370,-841,-829,-963,-988,-935,-737,-1033,-1049,-1310,-1297,-1105,-549,-767,-761,-740,-746,-881,-853,-2215,-2077,-3879,-1263,-4026,-3791,-29987,-29988,-29994,-29995,-29995,-29996,-29996,-29997]} 1. e4 d5 2. exd5 Qxd5 3. Nc3 Qa5 4. d4 Nf6 5. Nf3 Bf5 6. Ne5 c6 7. Bc4 e6 8. g4 Bg6 9. h4 Nbd7 10. Nxd7 Nxd7 11. Bd2 {LiveBook: 3 Partien. B01: Skandinavische Verteidigung} ({Besser ist} 11. h5 $1 $14 Be4 12. O-O) (11. h5 Be4 12. O-O Bd5 13. Nxd5 cxd5 14. Bd3 Bd6 15. a4 Qd8 16. Kg2 Qe7 17. a5 a6 18. c3 g6 {0-1 (62) Haba,P (2432)-Laznicka,V (2669) Pardubice 2017}) 11... h5 $11 {[%cal Bh7h5,Bh5g4][%mdl 32] Droht ...hxg4.} 12. d5 $146 (12. Nd5 $11 Qd8 13. Nf4) ({Vorgänger:} 12. Nd5 Qd8 13. Nf4 Qf6 14. Nxg6 Qxg6 15. Rg1 Qe4+ 16. Be3 hxg4 17. Bd3 Qf3 18. Be2 Qd5 {0-1 (51) Kunzmann,H (2452)-Binelli,R (2499) Argentina 1998}) 12... Ne5 ({Günstiger ist} 12... cxd5 $19 13. Nxd5 Qc5) 13. Bb3 $2 {[%mdl 8192]} (13. gxh5 $17 Bf5 14. Bf1) 13... hxg4 $19 14. Ne4 Qa6 15. Ng5 cxd5 16. Bc3 Bd6 17. Qd4 f6 {[%cal Bf7f6,Bf6g5][%mdl 32]} 18. O-O-O fxg5 19. Rhe1 O-O-O 20. Rxe5 Bxe5 21. Qxe5 gxh4 22. Qxg7 Rhg8 23. Qe7 h3 24. Be5 {[%csl Ge5][%cal Re7c7] [#]} Qc6 25. c3 Rd7 26. Qb4 {Jetzt La4 und Weiss darf weiter klammern.} Qb6 27. Qf4 Be8 28. Bd4 Qd8 29. Bxa7 {[%csl Ga7][%cal Rf4b8]} Qg5 30. Be3 (30. Qxg5 $142 Rxg5 31. Be3) 30... Qxf4 31. Bxf4 Rf7 32. Bg3 Bb5 {zielt auf ...Tgf8 ab.} 33. Re1 Kd7 34. Bd1 Bd3 35. Kd2 Be4 36. Ke3 Rgf8 37. f4 $2 (37. Bxg4 h2 38. Bxh2) 37... gxf3 38. Kf2 Rg8 39. Rh1 Rh7 {Weiss muss nun ...h2! beachten.} 40. Rh2 {[#]} e5 $1 41. Ba4+ (41. Bxe5 Rg2+) 41... Ke6 42. Bb5 Kf5 43. Bf1 Rgh8 44. Ke3 Rh5 45. Bb5 Rd8 46. Rf2 d4+ 47. cxd4 exd4+ 48. Kd2 Kg4 49. Bc7 Rxb5 {Schwarz setzt Matt.} 50. Bxd8 Rxb2+ 51. Ke1 Rxf2 52. Kxf2 h2 {Precision: Weiß = 27%, Schwarz = 85%.} 0-1

[Event "89th GER-ch"]
[Site "Dresden"]
[Date "2018.08.10"]
[Round "8"]
[White "Svane, Frederik"]
[Black "Mueller, Nick"]
[Result "0-1"]
[WhiteElo "2292"]
[BlackElo "2313"]
[Annotator "TA"]
[PlyCount "134"]
[EventDate "2018.08.03"]
[EventType "swiss"]
[EventCountry "GER"]
[SourceTitle "playchess.com"]
[Source "ChessBase"]
[SourceQuality "1"]

{[%evp 31,134,30,49,0,0,0,5,0,8,0,17,30,37,0,32,9,16,0,0,0,0,0,0,0,0,-4,0,-72,-60,-59,-55,-57,-45,-43,-59,-72,-22,-41,-39,-32,-36,-70,-35,-48,-52,-52,-41,-60,-41,-53,-48,-38,-25,-69,-79,-200,-190,-195,-186,-287,-293,-287,-287,-286,-151,-151,-140,-151,-151,-151,-140,-151,0,-151,-140,-140,-93,-101,-108,-102,-87,-89,-91,-116,-120,-142,-155,-268,-72,-71,-72,-90,-32,-33,-12,-441,-420,-29988,-29989,-29989,-29990,-29993,-29991,-29992,-29993]} 1. e4 e5 2. Nf3 Nc6 3. Bb5 {[%cal Bf1b5,Bb5a4,Ba4b3,Bb3c2,Bc2b1][%mdl 32]} a6 4. Ba4 Nf6 5. O-O Nxe4 6. d4 b5 7. Bb3 d5 {[%cal Bd7d5,Bd5d4,Bd4d3][%mdl 32]} 8. dxe5 Be6 9. Nbd2 Nc5 10. c3 Be7 11. Bc2 d4 12. Nb3 {C83: Open Ruy Lopez: 9 c3 Be7} d3 13. Bb1 Nxb3 14. axb3 Bf5 15. Be3 (15. Bf4 O-O 16. h3 Qd7 17. b4 Rfd8 18. g4 Bg6 19. Bg3 h5 {½-½ (37) Anand,V (2776)-Mamedyarov,S (2761) Moscow 2016}) 15... O-O 16. Bd4 Qd5 {LiveBook: 21 Games} 17. Bxd3 Bxd3 18. Qxd3 Qxb3 19. Qe4 Qe6 {[#]} 20. Be3 $146 (20. Rfe1 {is more complex.} a5 21. Be3 a4 22. Rac1 Rad8 23. Bg5) 20... Qg6 (20... f5 {is interesting.} 21. Qf4 a5 22. Qg3 Rad8 23. h4 a4) 21. Qxg6 hxg6 22. Rfe1 Rfe8 23. h4 a5 24. g3 a4 25. Bf4 Ra7 26. e6 Bf6 27. exf7+ Kxf7 28. Ng5+ (28. Rxe8 {looks sharper.} Kxe8 29. Rb1 Na5 30. Nd2 c6 31. Kg2) 28... Bxg5 29. hxg5 (29. Bxg5 $11 Ne5 30. Kf1) 29... Rxe1+ $17 30. Rxe1 $11 {[%mdl 4096] Endgame KRB-KRN} Na5 31. Be3 Ra6 32. Bc5 Re6 33. Rd1 Ke8 34. Kf1 Re5 35. Be3 Nc4 36. Bc1 c6 37. f4 Re7 38. Kf2 Re6 39. Kf3 Ke7 40. g4 Rd6 41. Re1+ Kf7 42. Kf2 Rd3 43. f5 (43. Kg1 $17) 43... gxf5 $1 $19 44. gxf5 Rd5 $1 45. f6 (45. Ke2 {might work better.}) 45... gxf6 46. gxf6 Kxf6 47. Rh1 {[#]} Ke6 (47... Nxb2 $1 $19 {[%mdl 512]} 48. Bxb2 Rd2+ 49. Ke3 Rxb2) 48. Ke2 Kd6 49. Bf4+ Kc5 50. Bc1 Rf5 51. Rh2 Rd5 $2 ({Better is} 51... Ne5 $17 {Threatens to win with ...Kc4.} 52. Kd1 Nc4) 52. Rh3 $2 (52. Rh1 $1 $11) 52... Ne5 {aiming for ...Kc4.} 53. Rh4 Nd3 54. Be3+ Kd6 55. Rh6+ Kd7 56. Rh7+ Ke8 57. Rh8+ {[#]} Kf7 $1 58. Rh7+ Kg8 59. Rh6 (59. c4 $17 Re5 60. Ra7 Nxb2 61. cxb5 cxb5 62. Kf3) 59... c5 $2 (59... Nxb2 $19 {and Black stays clearly on top. ...a3 is the strong threat.} 60. Rxc6 a3) 60. c4 $17 bxc4 {[%cal Bb5c4,Bc4c3][%mdl 32]} 61. Rb6 Rh5 (61... Kf7 $17 62. Bd2 Re5+ 63. Kf3 Re6 64. Rb7+ Re7) 62. Kd2 $15 Rh3 63. Bh6 $2 {[%mdl 8192] [#]} (63. Rb7 $11 {and White stays safe.}) 63... Nxb2 $1 $19 {[%mdl 512]} 64. Rxb2 (64. Bg5 $19) 64... c3+ {Black mates.} 65. Kc2 cxb2 66. Bf4 a3 67. Bd6 Rh1 {Precision: White = 35%, Black = 56%.} 0-1

[Event "89th GER-ch"]
[Site "Dresden"]
[Date "2018.08.10"]
[Round "8"]
[White "Gungl, Theo"]
[Black "Adiyaman, Rene"]
[Result "1-0"]
[WhiteElo "2283"]
[BlackElo "2097"]
[Annotator "TA"]
[PlyCount "123"]
[EventDate "2018.08.03"]
[EventType "swiss"]
[EventCountry "GER"]
[SourceTitle "playchess.com"]
[Source "ChessBase"]
[SourceQuality "1"]

{[%evp 11,123,14,23,0,25,0,10,11,0,-39,-30,-83,-37,-66,-61,-88,31,8,41,50,37,-10,40,0,30,16,33,8,6,6,9,0,66,68,35,0,0,0,0,0,0,0,0,0,0,0,0,0,0,-3,0,0,0,0,30,19,22,18,263,260,427,424,427,418,413,381,420,417,411,418,283,0,0,0,354,351,12843,12843,12844,12844,12845,12845,12845,12843,12845,12846,12850,12851,12851,12851,12851,12851,12851,12851,12851,12851,12851,12851,12851,29958,12851,29971,12851,29978,12851,29981,12851,29955,29982,29983,12851,29984,12851,29985]} 1. e4 e5 2. Nf3 Nc6 3. Bb5 Nf6 4. O-O Nxe4 5. d4 Be7 6. dxe5 O-O {LiveBook: 85 Games} 7. Be3 {C67: Ruy Lopez: Berlin Defence: 4 0-0 Nxe4} (7. Nbd2 Nxd2 8. Bxd2 d6 9. exd6 Bxd6 10. Bg5 f6 11. Bh4 Ne5 12. Bg3 Nxf3+ 13. Qxf3 Bxg3 14. hxg3 c6 {½-½ (57) Fedoseev,V (2677)-Malakhov,V (2696) Moscow 2014}) 7... d5 8. exd6 Bxd6 9. Bxc6 {The position is equal.} bxc6 10. Qd4 $146 ({Predecessor:} 10. Nbd2 Bf5 11. Re1 Re8 12. Nd4 Bg6 13. Qg4 c5 14. Nc6 Qf6 15. Rad1 Qxb2 16. f4 Qxc2 17. f5 Nf6 18. Qc4 Qxf5 19. Nf3 Qh5 20. h3 Be4 {0-1 (20) Kuntermann,H-Miethke,E (2121) GER corr 1999}) 10... Re8 11. Nc3 (11. Nbd2 $11 c5 12. Qd3) 11... Bf5 12. Rad1 Rb8 {...c5 is the strong threat.} 13. Nxe4 Rxe4 (13... Bxe4 $17 14. Ng5 Bf5) 14. Qc3 $14 Qf6 (14... Qf8 {is more complex.} 15. b3 Rbe8 16. Rd4 c5 17. Rxe4 Bxe4 18. Nd2 Bd5) 15. Qxf6 $1 gxf6 16. Nd4 Bd7 17. Nb3 Rc4 18. c3 c5 19. Nxc5 Bb5 20. Nd3 Ra4 21. Bd4 Be5 (21... Rxa2 $11 22. Bxf6 a5) 22. Bxe5 fxe5 23. Rfe1 (23. b3 {feels hotter.} Rxa2 24. c4 Be8 25. h3 f6 26. Nc5) 23... Bxd3 24. Rxd3 Rxb2 $11 {[%mdl 4096] Endgame KRR-KRR} 25. h3 Raxa2 26. Rxe5 Rxf2 27. Re8+ Kg7 28. Rg3+ Kf6 29. Rc8 a5 30. Rxc7 a4 31. Ra7 Rfc2 32. Kh2 Ra1 33. Rf3+ Ke6 34. Rfxf7 a3 $2 (34... Raa2 $1 $11 {and Black stays safe.}) 35. Rxh7 $18 a2 $2 (35... Rxc3 {is a better defense.} 36. Ra5 Kf6) 36. Rh6+ Ke5 37. Rha6 Kf4 38. Ra3 Ke3 39. c4+ Kd4 {[#]} 40. c5 $1 Kxc5 {[#]} (40... Rxc5 41. Rxa2) 41. R7a4 $2 (41. h4 $1 $18) 41... Kd6 $11 42. Ra5 Rc5 $2 {[%mdl 8192]} (42... Ke6 $11 {and Black has nothing to worry.}) 43. Ra6+ $18 Rc6 $2 (43... Ke7 44. Rxa2 Rxa2 45. Rxa2 Kf7) 44. Rxc6+ Kxc6 {KR-KR} 45. h4 {[%cal Bh3h4,Bh4h5][%mdl 32]} Kd5 46. h5 Ke5 47. Kg3 Kf6 48. Kg4 Re1 49. Rxa2 Re4+ 50. Kh3 Kg5 51. Ra5+ Kh6 52. g4 {[%cal Bg2g4,Bg4g5,Bg5g6][%mdl 32]} Re1 53. Ra6+ Kg5 54. Rg6+ Kf4 55. h6 Ra1 56. g5 Kf5 57. Rg7 Ra3+ 58. Kh4 Ra1 59. h7 Rh1+ 60. Kg3 Rh5 61. g6 Rg5+ 62. Kf3 {Precision: White = 67%, Black = 29%.} 1-0

[Event "89th GER-ch"]
[Site "Dresden"]
[Date "2018.08.10"]
[Round "8"]
[White "Rehberg, Raphael"]
[Black "Faerber, David"]
[Result "1/2-1/2"]
[WhiteElo "2234"]
[BlackElo "2321"]
[Annotator "TA"]
[PlyCount "89"]
[EventDate "2018.08.03"]
[EventType "swiss"]
[EventCountry "GER"]
[SourceTitle "playchess.com"]
[Source "ChessBase"]
[SourceQuality "1"]

{[%evp 27,89,8,14,0,0,-8,0,-34,-35,-77,-72,-116,-131,-126,3,0,0,0,0,0,0,0,0,0,0,0,0,0,0,0,33,49,0,0,0,-81,1,0,0,0,9,0,0,0,0,0,0,0,0,0,0,0,0,0,0,0,0,0,0,0,0,0,0,0]} 1. e4 c5 2. Nf3 Nc6 3. Bb5 g6 4. Bxc6 bxc6 5. O-O Bg7 6. Re1 Nh6 7. c3 O-O 8. d4 cxd4 9. cxd4 d5 10. e5 {B31: Sicilian: 2...Nc6 3 Bb5 g6} f6 11. Nbd2 fxe5 12. Nxe5 Bxe5 13. dxe5 Qb6 14. Nf3 Nf5 $1 {LiveBook: 7 Games} ({Avoid the trap} 14... Ng4 $2 15. Qd2 $16) 15. Qc2 c5 {[%cal Bc6c5,Bc5c4][%mdl 32]} 16. b3 Bb7 17. Ba3 Rac8 {[#]} 18. Rac1 $146 {[%cal Ra3c5]} c4 $1 19. Qb2 {[#]} d4 $1 {Hoping for ...c3.} 20. bxc4 Qa6 (20... Bxf3 $1 $17 21. gxf3 Qe6) 21. Nd2 Rb8 22. Rb1 $1 Bxg2 23. Qxb8 Rxb8 24. Rxb8+ Kg7 $1 25. Bxe7 $1 Nxe7 26. Kxg2 Qxa2 27. Nf3 Qxc4 28. Rb7 d3 (28... Qc8 $5 {[%cal Rc8b7]} 29. Rxe7+ Kf8 30. Rxh7 (30. Rxa7 Qg4+ 31. Kf1 Qxf3 $11) 30... Qg4+ 31. Kh1 Qxf3+ 32. Kg1 Qg4+ 33. Kf1 Qf3 $11) 29. h3 $1 ({Don't go for} 29. Rxe7+ $2 Kf8 $19) 29... Kf8 30. Rb8+ Kg7 $1 31. Reb1 {[#]} (31. Rb7 $11 Kf8 32. Rxa7) 31... d2 ({Black should play} 31... Nf5 $1 $17 32. R8b7+ Kh6) 32. Nxd2 $11 {The position is equal.} Qd5+ 33. Nf3 Nf5 $1 {[%cal Rf5h4] ( -> ...Nh4+)} 34. R8b4 g5 $1 35. R1b3 Nh4+ 36. Kg3 Nxf3 37. Rxf3 Qxe5+ {[%mdl 4096] Endgame KQ-KRR} 38. Kg2 Qd5 39. h4 h6 {White must now prevent ...Kg6.} 40. hxg5 hxg5 41. Rg4 Kh6 42. Rgg3 Kh5 {Threatens to win with ...g4.} 43. Kg1 a5 44. Rd3 Qe5 45. Rde3 {Precision: White = 65%, Black = 59%.} 1/2-1/2

[Event "89th GER-ch"]
[Site "Dresden"]
[Date "2018.08.10"]
[Round "8"]
[White "Heimrath, Reiner"]
[Black "Brustkern, Juergen"]
[Result "1-0"]
[WhiteElo "2200"]
[BlackElo "2219"]
[Annotator "TA"]
[PlyCount "117"]
[EventDate "2018.08.03"]
[EventType "swiss"]
[EventCountry "GER"]
[SourceTitle "playchess.com"]
[Source "ChessBase"]
[SourceQuality "1"]

{[%evp 9,117,44,48,0,0,0,0,-12,48,45,64,0,40,26,74,67,78,70,71,82,85,75,77,70,74,72,61,36,82,68,73,74,62,66,86,77,151,100,113,98,159,84,79,77,80,66,66,69,60,0,0,0,0,0,0,0,0,0,0,0,0,0,0,0,0,0,0,0,0,-14,0,-58,-50,-74,0,0,0,0,0,0,0,0,0,0,0,0,33,33,145,138,152,151,147,144,166,143,135,137,129,96,289,290,279,281,320,318,301,302,352,268]} 1. Nf3 f5 2. e4 e5 3. d4 fxe4 4. Nxe5 Nf6 5. Be2 (5. Bc4 d5 6. Bb3 c5 7. c4 Nc6 8. Ba4 Bd7 9. Bg5 Nxe5 10. dxe5 Qa5+ 11. Nc3 Bxa4 12. Qxa4+ Qxa4 13. Nxa4 {0-1 (34) Rombaldoni,A (2484)-Bonafede,A (2353) Golden Sands 2013}) 5... Be7 6. Bh5+ {C40: Latvian and Elephant Gambits} g6 7. Be2 d6 8. Nc4 {The position is equal.} O-O $146 ({Black should try} 8... d5 $11 9. Ne5 c5) ({Predecessor:} 8... d5 9. Ne5 Be6 10. h4 Nbd7 11. Nc3 c6 12. Bf4 Nxe5 13. Bxe5 {0-1 (40) Braig,F (2000)-Pape,J (2200) Schwaebisch Gmuend 1997}) 9. Bh6 $14 Re8 10. Nc3 (10. Ne3 $14) 10... c6 11. d5 Na6 12. O-O Nc7 {[%cal Rc7d5]} 13. Ne3 $1 Bf8 14. Bxf8 Rxf8 15. Qd2 Qe7 16. Rae1 Bd7 17. f3 c5 18. fxe4 b5 {Black wants to play ...b4.} 19. Bf3 b4 20. Ncd1 Bb5 21. Rf2 Rae8 22. c4 Bd7 (22... Ba6 $142) 23. Nc2 (23. Nf1 $142 $1) 23... Qe5 24. b3 Kg7 (24... a5 $142) 25. Rfe2 (25. Rff1 $142) 25... Ng4 $16 26. Bxg4 $1 Bxg4 27. Re3 Bxd1 $1 28. Qxd1 Re7 29. Qa1 (29. g3 $14) 29... Ne8 $1 $11 30. a3 a5 $1 31. axb4 axb4 32. Qxe5+ Rxe5 33. Ra1 Nf6 34. Ra6 Nxe4 35. Rxd6 $1 Nd2 $1 {[%csl Gd2][%cal Rf8f1]} 36. Rd7+ Kg8 {[%csl Gd2][%cal Rf8f1]} 37. h3 Rxe3 38. Nxe3 Nxb3 {[%mdl 4096] Endgame KRN-KRN} 39. Rc7 h5 $1 40. Rc6 (40. g4 $11) 40... Kg7 $15 41. d6 Rd8 (41... Kf7 $17 42. d7 Ke7 43. d8=B+ Rxd8 44. Rxg6 Rd2 45. Nd5+ Kf7 46. Rf6+ Kg7) 42. Nd5 $11 Kf7 43. Nf4 Nd4 44. Rxc5 Rxd6 45. Rc7+ Kf8 46. Rb7 b3 47. Kf2 h4 48. Ke3 Ke8 {[#]} ({Black should play} 48... Nc2+ $14 49. Ke4 Rd4+ 50. Ke5 Rxc4 51. Nxg6+ Ke8 52. Rxb3 Kf7) 49. Nd5 $1 $16 Nf5+ {[#]} 50. Kd3 $1 Rd7 51. Rxb3 Ra7 52. Rb2 Ra3+ 53. Ke4 Kd7 54. Ke5 Kc6 $2 (54... Ne3 $16 55. Rb7+ Kc8) 55. Rb6+ $18 Kc5 56. Rxg6 Nd4 57. Rg4 Nc6+ 58. Kf6 Nd4 59. Nf4 {Precision: White = 78%, Black = 56%.} ({But not} 59. Rxh4 Ra6+ 60. Kg5 Ne6+ 61. Kh5 Ng7+ 62. Kg5 Ne6+ 63. Kf5 Nd4+ 64. Ke4 Kxc4 $18) 1-0

[Event "89th GER-ch"]
[Site "Dresden"]
[Date "2018.08.10"]
[Round "8"]
[White "Plassmann, Dominik"]
[Black "Zude, Arno"]
[Result "1/2-1/2"]
[WhiteElo "2186"]
[BlackElo "2373"]
[Annotator "TA"]
[PlyCount "82"]
[EventDate "2018.08.03"]
[EventType "swiss"]
[EventCountry "GER"]
[SourceTitle "playchess.com"]
[Source "ChessBase"]
[SourceQuality "1"]

{[%evp 26,82,0,-4,17,-22,-20,-53,-66,-62,-68,-74,-65,-64,-70,-83,-66,-83,-47,-77,-80,-79,-76,-119,-117,-250,-260,-340,-334,-454,-200,-193,-147,-150,-129,-171,-100,-105,-100,-805,-696,-615,-218,-205,0,-6717,-6760,-5006,0,0,0,0,0,0,0,0,0,0,0]} 1. e4 e5 2. Nc3 Nf6 3. g3 d5 4. exd5 Nxd5 5. Bg2 Nxc3 6. bxc3 Bc5 7. Nf3 Nc6 8. O-O O-O 9. Re1 Qf6 {C47: Scotch Four Knights and Four Knights with 4 g3} 10. d3 Bg4 (10... h6 11. Rb1 Bb6 12. Be3 Bg4 13. h3 Be6 14. c4 e4 15. Nd2 exd3 16. c5 Ba5 17. Rxb7 Nb4 18. cxd3 Bd5 19. Rxb4 Bxg2 {½-½ (31) Nakamura,H (2787)-Xiong,J (2665) Saint Louis 2018}) 11. h3 Bh5 12. g4 Bg6 13. Be3 Bb6 14. Nd2 {LiveBook: 7 Games} Rad8 {[#]} 15. Ne4 $146 ({Predecessor:} 15. Qf3 Qxf3 16. Bxf3 Ba5 17. Rab1 Bxc3 18. Rxb7 {½-½ (70) Adhiban,B (2677)-Nguyen,N (2629) Tbilisi 2017}) 15... Qe7 16. Qf3 Qa3 17. Qg3 Bxe4 18. Bxe4 Bxe3 19. Qxe3 Qxc3 20. Rab1 Nd4 $1 21. Rxb7 a5 22. Reb1 Qxc2 23. R1b2 Qc3 24. Qg5 Ne6 $36 {[%mdl 2048] White is under strong pressure.} 25. Qf5 (25. Qd2 $17 {was called for.} Qd4 26. R7b5) 25... g6 $19 26. Qf6 Nc5 27. Qc6 Nxe4 (27... Rd6 $142 28. Qxc7 Rd7) 28. Qxe4 Rxd3 29. R2b3 Qa1+ 30. Kg2 Rd4 (30... Rd2 $19 31. Rf3 Rd4) 31. Qc2 $17 Rd1 32. Rxc7 $2 {[%mdl 8192]} (32. Rb1 $17 Rxb1 33. Rxb1) 32... Rh1 33. Kg3 {[#]} Qf1 $2 (33... e4 $1 {[%mdl 512]} 34. Qb2 (34. Qxe4 Qf1) 34... Qf1) 34. Kh4 $19 h6 $2 {[#]} ({Black should try} 34... Rh2 $19 35. Rf3 Qg2) 35. Rcc3 $2 {[%mdl 8192]} (35. Rxf7 $1 $11 {[%mdl 512]} Rxh3+ (35... Rxf7 36. Qxg6+) 36. Rxh3 g5+ 37. Kh5 Rxf7 38. Qg6+ Rg7 39. Qe6+ Kh7 40. Qf5+ (40. Qxh6+ Kg8 $11) 40... Kg8 41. Qc8+ Kh7 42. Qf5+ Kh8 43. Qf8+ Kh7 44. Qf5+) 35... Kg7 36. Rf3 Re8 $2 ({Better is} 36... g5+ $19 37. Kh5 Qa6 38. Rxf7+ Rxf7) 37. Qc7 $11 {The position is equal.} Rxh3+ 38. Rxh3 {And now Rbf3 would win.} Qxf2+ 39. Rhg3 {Strongly threatening Rbf3.} Qh2+ 40. Rh3 Qf2+ 41. Rhg3 {Threatens to win with Rbf3.} Qh2+ {Precision: White = 40%, Black = 51%.} 1/2-1/2